期刊信息 |
| 索取号 |
G64/WGJY
|
| 题名 |
外国教育研究
|
| 作者 |
《外国教育研究》编辑部
|
| 分册号 |
|
| 分册名 |
|
| 出版地 |
长春
|
| 出版者 |
《外国教育研究》编辑部
|
| 标准刊号 |
1006-7469
|
| 出版频率 |
月刊
|
| 中图法分类 |
G64
|
| 主题词 |
教育 各级
|
| 电子资源 | |
| |
|
| 000 | 00582nas0 2200193 45 | |
| 001 | 0734230047 | |
| 005 | 2007090409303004 | |
| 011 | @a1006-7469 | |
| 091 | @aCN22-1022 | |
| 100 | @a20070904d km y0chiy0120 ea | |
| 101 | 0 | @achi |
| 200 | 1 | @a外国教育研究@AWai Guo Jiao Yu Yan Jiu@f《外国教育研究》编辑部@F《Wai Guo Jiao Yu Yan Jiu》Bian Ji Bu |
| 210 | @a长春@c《外国教育研究》编辑部 | |
| 326 | @a月刊 | |
| 606 | 0 | @a教育@x各级 |
| 690 | @aG64@v4 | |
| 711 | 02 | @a《外国教育研究》编辑部@A《Wai Guo Jiao Yu Yan Jiu》Bian Ji Bu |
| 801 | 0 | @aCN@bPFT@c20070904 |
| 905 | @a213230@dG64@eWGJY | |
| 外国教育研究/《外国教育研究》编辑部.-长春:《外国教育研究》编辑部 |
| ISSN 1006-7469 |
| ● |
| 相关链接: |
|
|
|
|